• 首页
  • 本馆介绍
  • 公告通知
  • 最新文献
  • 馆藏检索
  • 电子资源
  • 读者导购
  • 参考咨询
  • 我的图书馆
  • 登录
  • 详细信息显示
  • 放入我的书架
  • 预约/预借图书
  • 作者相关作品
  • 分类相关作品
  • 丛书相关作品
  • 出版社相关作品

书目信息

  • 表格格式
  • 工作单格式
  • 卡片格式
题名:
唐山名商
    
 
作者: ;政协唐山市委员会 编
分册:  
出版信息: 北京   红旗出版社  1997
页数: 314页
开本: 20cm
丛书名: 唐山名粹丛书
单 册:
中图分类: F279.272.23
科图分类:
主题词: 名胜古迹--河北--唐山 , 企业--概况--河北--唐山
电子资源:
ISBN: 7-5051-0198-6
000 00761nam0 2200241 450
001 0732110702
005 20070721091517.78
010    @a7-5051-0198-6@dCNY218.00(8册)
100    @a20070706d1997 km y0chiy0120 ea
101 0  @achi
102    @aCN@b110000
200 1  @a唐山名商@Atang shan ming shang@f政协唐山市委员会编@Fzheng xie tang shan shi wei yuan hui bian
210    @a北京@c红旗出版社@d1997
215    @a314页@d20cm
225 2  @a唐山名粹丛书@v4
300    @a献给唐山解放50周年
410  0 @12001 @a唐山名粹丛书
606 0  @a名胜古迹@y河北@y唐山
606 0  @a企业@x概况@y河北@y唐山
690    @aF279.272.23@v3
711 02 @a政协唐山市委员会@Azheng xie tang shan shi wei yuan hui@4编
801  0 @aCN@bPFT@c20070721
905    @a10447@dF279.272.23@e593
    
    唐山名商/政协唐山市委员会编.-北京:红旗出版社,1997
    314页;20cm.-(唐山名粹丛书;4)
    献给唐山解放50周年
    
    ISBN 7-5051-0198-6:CNY218.00(8册)
    
●
相关链接 在E读中查询图书 在五车中查询图书 在当当中查询图书 在豆瓣中查询图书


正题名:唐山名商     索取号:F279.272.23/593         预约/预借

序号 登录号 条形码 馆藏地/架位号 状态 备注
1 0770012   207700120   第一样本阅览室/ [索取号:F279.272.23/593] 在馆    
唐山师范学院图书馆 欢迎您!
大连网信软件有限公司© 版权所有